Teen X Tracklist (Ken Carson) - Statistics

General Stats
  • This quiz has been taken 155 times
  • The average score is 4 of 6
Answer Stats
Hint Answer % Correct
2 Yale
92%
1 Teen X
86%
4 Why
70%
3 Meds
68%
6 Pissed Off
62%
5 For Her
61%
No matching quizzes found
Score Distribution
Percent of People with Each Score
Percentile by Number Answered
Your Score History
You have not taken this quiz